Entrada Nombre corporativo
Número de registros utilizados en: 8
001 - NÚMERO DE CONTROL
- campo de control: 19805
003 - IDENTIFICADOR DEL NÚMERO DE CONTROL
- campo de control: BNPHU
005 - FECHA Y HORA DE LA ÚLTIMA TRANSACCIÓN
- campo de control: 20240529114208.0
008 - DATOS DE LONGITUD FIJA
- campo de control de longitud fija: 200615|| aca||aabn | a|a d
010 ## - NÚMERO DE CONTROL DE LA BIBLIOTECA DEL CONGRESO
- Número de control de LC: n 79054523
040 ## - FUENTE DE LA CATALOGACIÓN
- Centro catalogador/agencia de origen: DO-SdBNP
- Lengua de catalogación: spa
- Centro/agencia transcriptor: BNPHU
- Normas de descripción: rda
110 2# - ENCABEZAMIENTO-NOMBRE DE ENTIDAD CORPORATIVA
- Nombre de entidad corporativa o nombre de jurisdicción como elemento de entrada: Unesco
410 2# - TRAZADO DE VÉASE--NOMBRE DE ENTIDAD CORPORATIVA
- Nombre de entidad corporativa o nombre de jurisdicción como elemento de entrada: U.N.E.S.C.O.
410 2# - TRAZADO DE VÉASE--NOMBRE DE ENTIDAD CORPORATIVA
- Nombre de entidad corporativa o nombre de jurisdicción como elemento de entrada: United Nations Educational, Scientific and Cultural Organization
410 2# - TRAZADO DE VÉASE--NOMBRE DE ENTIDAD CORPORATIVA
- Nombre de entidad corporativa o nombre de jurisdicción como elemento de entrada: Organisation des Nations Unies pour l’éducation, la science et la culture.
410 2# - TRAZADO DE VÉASE--NOMBRE DE ENTIDAD CORPORATIVA
- Nombre de entidad corporativa o nombre de jurisdicción como elemento de entrada: Organizzazione delle Nazioni Unite per l'educazione, la scienza e la cultura
670 ## - FUENTE DE DATOS ENCONTRADOS
- Cita de la fuente: Work cat.: (OSt)6920: República de Venezuela Organización de las Naciones Unidas para la Educación, la Ciencia y la Cultura. 19803, Premio Internacional Simón Bolívar /, 1979.
670 ## - FUENTE DE DATOS ENCONTRADOS
- Cita de la fuente: ABC de las Naciones Unidas, 1998:
- Información encontrada: p. 56 (UNESCO; Organización de las Naciones Unidas para la Educación, la Ciencia y la Cultura)
670 ## - FUENTE DE DATOS ENCONTRADOS
- Identificador Uniforme del Recurso: https://librunam.dgb.unam.mx:8443/F/FRVK8UIYMEDUE1M6T2KMAF696NBV3JIGTJ2CDP3BVJ41XLFHT7-16184?func=full-set-set&set_number=006417&set_entry=000001&format=001 Consultado en 29 de Mayo, 2024
670 ## - FUENTE DE DATOS ENCONTRADOS
- Cita de la fuente: https://authorities.loc.gov/cgi-bin/Pwebrecon.cgi?AuthRecID=3751580&v1=1&HC=52&SEQ=20240529113806&PID=1Z8_k23xwCPgIzYvpqfaux12ouAx Consultado en 29 de Mayo, 2024
678 ## - DATOS BIOGRÁFICOS O HISTÓRICOS
- Datos biográficos o históricos: 646 / 5.000 La Organización de las Naciones Unidas para la Educación, la Ciencia y la Cultura (UNESCO) fue fundada en noviembre de 1945, con la firma de su Constitución, aunque no entró en vigor hasta ser ratificada por veinte estados miembros en noviembre de 1946. Los orígenes de la UNESCO se remontan a la Liga de las Naciones y su Organización de Cooperación Intelectual (ICO), compuesta por el Comité Internacional de Cooperación Intelectual y el Instituto Internacional de Cooperación Intelectual. La UNESCO heredó los archivos, los bienes y la misión de la OIC y procedió a ampliarlos. La UNESCO tiene su sede en París, Francia, y cuenta con 193 estados miembros.
